000 00244nam a22000977a 4500
999 _c11259
_d11259
008 181205b ||||| |||| 00| 0 eng d
100 _aNORMAN VINCENT PEALE
_97007
245 _aTHE POWER OF POSITIVE THINKING
300 _aBOOK
942 _2ddc
_cBK